[Event "PER-ch U20"]
[Site "Lima"]
[Date "2018.04.19"]
[Round "1.1"]
[White "Romero, Sebastian Peru"]
[Black "Escalante Ramirez, Brian Sebastian"]
[Result "0-1"]
[WhiteElo "1704"]
[BlackElo "2394"]
[PlyCount "60"]
[EventDate "2018.04.19"]
[EventType "swiss"]
[EventRounds "7"]
[EventCountry "PER"]
[SourceTitle "EXT 2024"]
[Source "ChessBase"]
[SourceDate "2023.10.10"]
[SourceVersion "1"]
[SourceVersionDate "2023.10.10"]
[SourceQuality "1"]

1. d4 Nf6 2. Nf3 g6 3. c4 Bg7 4. Nc3 0-0 5. g3 d5 6. Bg2 dxc4 7. 0-0 c6 8. a4 a5 9. e4 Bg4 10. h3 Bxf3 11. Bxf3 e5 12. Be3 Na6 13. Be2 Ng4 14. hxg4 exd4 15. Bxd4 Qxd4 16. Qxd4 Bxd4 17. Bxc4 Nc5 18. Rfb1 Rae8 19. Ne2 Rxe4 20. Nxd4 Rxd4 21. Rc1 Kg7 22. b3 Rxg4 23. Ra2 Rd4 24. Rcc2 Ne4 25. Be2 f5 26. Kg2 f4 27. gxf4 Rxf4 28. f3 Nf6 29. Rc5 Rd5 30. Rac2 Rb4 0-1

[Event "South America-ch U14 12th"]
[Site "Santa Cruz"]
[Date "2015.12.02"]
[Round "1"]
[White "Romero, Sebastian Peru"]
[Black "Kapitanchuk, Tomas"]
[Result "0-1"]
[WhiteElo "1613"]
[BlackElo "1974"]
[PlyCount "106"]
[EventDate "2015.12.02"]
[EventType "swiss"]
[EventRounds "9"]
[EventCountry "BOL"]
[SourceTitle "CBM 170 Extra"]
[Source "ChessBase"]
[SourceDate "2016.02.25"]
[SourceVersion "1"]
[SourceVersionDate "2016.02.25"]
[SourceQuality "1"]

1. e4 c5 2. Nf3 d6 3. d4 cxd4 4. Qxd4 Nc6 5. Bb5 Bg4 6. Nc3 Bxf3 7. gxf3 Nf6 8. Bg5 Nd7 9. Bxc6 bxc6 10. 0-0-0 Qb6 11. Qd2 Rb8 12. b3 Qb4 13. f4 h6 14. Bh4 g6 15. e5 d5 16. Na4 Qa3+ 17. Nb2 Qxa2 18. Qc3 e6 19. Nd3 Qa3+ 20. Kd2 Bb4 21. Nxb4 Qxb4 22. Qxb4 Rxb4 23. Ra1 Rb7 24. f3 0-0 25. b4 f6 26. exf6 Nxf6 27. Rhg1 Kf7 28. c3 Nh5 29. Bg3 Rc8 30. Ra5 Nxg3 31. hxg3 Kf6 32. Re1 Re8 33. Rc5 Rb6 34. Re5 Rc8 35. Ra5 Rc7 36. Kd3 Ke7 37. Kd4 Kd6 38. Re1 Rbb7 39. Rb1 Re7 40. Re1 Rf7 41. Rh1 h5 42. Ra6 Rb6 43. Ra5 Rh7 44. Rha1 Rbb7 45. Rc5 Rhe7 46. Ra6 Rb6 47. Ra1 Rg7 48. Rh1 Re7 49. Ra1 Rbb7 50. Ra6 Rb6 51. Ra1 Rf7 52. Rh1 Rf5 53. Rh2 Rb7 0-1

[Event "Lima Santisimo Nombre de Jesus 4"]
[Site "Lima"]
[Date "2014.08.06"]
[Round "6"]
[White "Jibaja Caceres, Sandro"]
[Black "Romero, Sebastian Peru"]
[Result "0-1"]
[WhiteElo "1568"]
[BlackElo "1529"]
[PlyCount "98"]
[EventDate "2014.08.04"]
[EventType "swiss"]
[EventRounds "8"]
[EventCountry "PER"]
[SourceTitle "EXT 2024"]
[Source "ChessBase"]
[SourceDate "2023.10.10"]
[SourceVersion "1"]
[SourceVersionDate "2023.10.10"]
[SourceQuality "1"]

1. e4 e5 2. f4 Nc6 3. Nf3 exf4 4. Bc4 Nf6 5. Nc3 Bb4 6. e5 Ng4 7. d4 Ne3 8. Bxe3 fxe3 9. 0-0 d6 10. Qe2 0-0 11. Qxe3 Nxe5 12. Nxe5 dxe5 13. Qxe5 Qd6 14. Rae1 Bd7 15. Qxd6 Bxd6 16. Ne4 Be7 17. Rf3 Rad8 18. d5 Be8 19. Rd1 g6 20. Bb3 Kg7 21. c4 f5 22. Nf2 Bf7 23. Nd3 Kf6 24. Nf4 Rfe8 25. h4 Bd6 26. Bc2 b6 27. Kf2 Re7 28. Re1 Rde8 29. Rxe7 Rxe7 30. Nd3 Re4 31. b3 Rxh4 32. Rh3 Rxh3 33. gxh3 a5 34. a4 g5 35. Bd1 Bg6 36. Be2 h5 37. Kg2 g4 38. hxg4 fxg4 39. Ne1 Be4+ 40. Kg1 Kg5 41. Bd3 Bxd3 42. Nxd3 h4 43. Kg2 h3+ 44. Kh1 g3 45. Ne1 g2+ 46. Nxg2 hxg2+ 47. Kxg2 Kf4 48. Kf2 Ke4 49. Ke2 Bb4 0-1

[Event "Lima Santisimo Nombre de Jesus 4"]
[Site "Lima"]
[Date "2014.08.05"]
[Round "3"]
[White "Pacheco Mateo, Laura"]
[Black "Romero, Sebastian Peru"]
[Result "0-1"]
[WhiteElo "1381"]
[BlackElo "1529"]
[PlyCount "87"]
[EventDate "2014.08.04"]
[EventType "swiss"]
[EventRounds "8"]
[EventCountry "PER"]
[SourceTitle "EXT 2024"]
[Source "ChessBase"]
[SourceDate "2023.10.10"]
[SourceVersion "1"]
[SourceVersionDate "2023.10.10"]
[SourceQuality "1"]

1. d4 Nf6 2. Nc3 d5 3. Nf3 Bf5 4. h3 Nc6 5. Bf4 e6 6. Nh4 Bg6 7. Nxg6 hxg6 8. e3 Bb4 9. Bd3 Qe7 10. 0-0 a6 11. f3 Bd6 12. Bxd6 Qxd6 13. Ne2 Nh5 14. f4 f5 15. c4 Qe7 16. Qe1 Nf6 17. Ng3 Kf7 18. a3 Nh5 19. cxd5 exd5 20. Nxh5 Rxh5 21. Rc1 Re8 22. Rf3 Nxd4 23. Rg3 Nc6 24. b4 Qd6 25. Qc3 Qf6 26. Qc5 Qd6 27. b5 axb5 28. Bxb5 Re6 29. Qxd6 Rxd6 30. Be2 Rh8 31. e4 dxe4 32. Bc4+ Kf6 33. Rgc3 Rhd8 34. Kh2 Rd1 35. Bb5 Rxc1 36. Rxc1 Rd6 37. g4 Ke7 38. g5 Kd7 39. Bc4 Nd4 40. Kg3 b5 41. Bd3 exd3 42. Rc5 d2 43. Rc1 dxc1Q 44. Kf2 0-1

[Event "Lima Santisimo Nombre de Jesus 2"]
[Site "Lima"]
[Date "2014.04.27"]
[Round "4"]
[White "Romero, Sebastian Peru"]
[Black "Balvin, Jorge"]
[Result "0-1"]
[WhiteElo "1536"]
[BlackElo "1758"]
[PlyCount "180"]
[EventDate "2014.04.26"]
[EventType "swiss"]
[EventRounds "8"]
[EventCountry "PER"]
[SourceTitle "EXT 2024"]
[Source "ChessBase"]
[SourceDate "2023.10.10"]
[SourceVersion "1"]
[SourceVersionDate "2023.10.10"]
[SourceQuality "1"]

1. c4 Nf6 2. Nc3 e5 3. e3 g6 4. d4 Nc6 5. g3 Bg7 6. Bg2 exd4 7. exd4 0-0 8. Nge2 d6 9. Bf4 Bg4 10. Qd2 Re8 11. 0-0 Qd7 12. Rfe1 Bh3 13. Bh1 Rab8 14. a3 Na5 15. Rab1 Nxc4 16. Qc1 Bf5 17. Ra1 Na5 18. Qd1 b5 19. b4 Nc4 20. Qb3 Ne4 21. Nxe4 Bxe4 22. Rad1 Bxh1 23. Kxh1 Qg4 24. f3 Qh3 25. Qc3 a5 26. Ng1 axb4 27. Qxc4 Qxh2+ 28. Kxh2 bxc4 29. axb4 Rxe1 30. Rxe1 Bxd4 31. Re4 Bxg1+ 32. Kxg1 Rxb4 33. Kf1 Kg7 34. Bd2 Rb1+ 35. Ke2 d5 36. Bc3+ Kf8 37. Rh4 Kg8 38. Rd4 c6 39. Rd2 Rg1 40. Kf2 Rc1 41. Bf6 Rb1 42. Ra2 Rb8 43. Ra6 Rc8 44. Ra5 h6 45. f4 Kf8 46. Rc5 Ke8 47. Ke3 Kd7 48. Kd4 Ra8 49. Ke3 Ra3+ 50. Kd4 h5 51. Ke5 Ra4 52. Kd4 Ra3 53. Ke5 Rxg3 54. Ra5 Re3+ 55. Kd4 Re4+ 56. Kc5 Rxf4 57. Bd4 h4 58. Ra7+ Ke6 59. Ra5 g5 60. Be3 Rf3 61. Ra8 g4 62. Kxc6 Kf6 63. Bd4+ Kg6 64. Kxd5 c3 65. Ke4 f5+ 66. Kd5 h3 67. Ke6 Kg5 68. Be5 Re3 69. Rg8+ Kh4 70. Rh8+ Kg5 71. Rg8+ Kh6 72. Rh8+ Kg6 73. Rg8+ Kh5 74. Rh8+ Kg6 75. Rg8+ Kh5 76. Kf6 g3 77. Bf4 Rf3 78. Bc1 h2 79. Bg5 Kg4 80. Rh8 Rf1 81. Rh4+ Kf3 82. Kxf5 h1Q 83. Rxh1 Rxh1 84. Bf6 c2 85. Bg5 g2 86. Ke5 Re1+ 87. Kd4 g1Q+ 88. Kc3 Qc5+ 89. Kb2 Rb1+ 90. Ka2 Qa5# 0-1

[Event "Lima Santisimo Nombre de Jesus 1"]
[Site "Lima"]
[Date "2014.03.15"]
[Round "6"]
[White "Anicama Orcon, Richard"]
[Black "Romero, Sebastian Peru"]
[Result "1/2-1/2"]
[WhiteElo "1628"]
[BlackElo "1536"]
[PlyCount "131"]
[EventDate "2014.03.08"]
[EventType "swiss"]
[EventRounds "8"]
[EventCountry "PER"]
[SourceTitle "EXT 2024"]
[Source "ChessBase"]
[SourceDate "2023.10.10"]
[SourceVersion "1"]
[SourceVersionDate "2023.10.10"]
[SourceQuality "1"]

1. e4 c5 2. Nf3 d6 3. Nc3 Nc6 4. Be2 g6 5. b3 Bg7 6. Bb2 Nf6 7. d3 0-0 8. 0-0 a6 9. a3 Bd7 10. Nd5 e5 11. Ne3 h5 12. Bc1 Ng4 13. Rb1 b5 14. Bd2 Nh6 15. Qc1 Kh7 16. Nd5 f6 17. Ne1 Be6 18. Nc3 Nd4 19. f4 b4 20. Bd1 bxc3 21. Bxc3 Bg4 22. Bxd4 cxd4 23. h3 Bxd1 24. Qxd1 Qa5 25. a4 Nf7 26. f5 Bh6 27. fxg6+ Kxg6 28. Rf5 Kg7 29. Rxh5 Kh7 30. Qf3 Ng5 31. Qf5+ Kg7 32. Rh4 Qd8 33. Rg4 Kh8 34. Rh4 Nf7 35. Qg6 Qe7 36. Nf3 Rg8 37. Rxh6+ Nxh6 38. Qxh6+ Qh7 39. Qxf6+ Qg7 40. Qxg7+ Rxg7 41. Rf1 Rf8 42. Nh4 Rxf1+ 43. Kxf1 Rc7 44. Nf5 Rxc2 45. Nxd6 Kg7 46. Nc4 Kf6 47. b4 Rc1+ 48. Kf2 Rb1 49. b5 axb5 50. axb5 Rxb5 51. h4 Rb8 52. g4 Ke6 53. g5 Rf8+ 54. Kg3 Rf1 55. h5 Rd1 56. h6 Rxd3+ 57. Kg4 Rb3 58. h7 Rb8 59. g6 Kf6 60. Kh5 Kg7 61. Nd6 d3 62. Nf5+ Kh8 63. Kh6 Rb6 64. Ne3 d2 65. Nd1 Rxg6+ 66. Kxg6 1/2-1/2

[Event "Lima Santisimo Nombre de Jesus 3"]
[Site "Lima"]
[Date "2013.06.28"]
[Round "2"]
[White "Yaya, Max"]
[Black "Romero, Sebastian Peru"]
[Result "0-1"]
[WhiteElo "1444"]
[BlackElo "1505"]
[PlyCount "88"]
[EventDate "2013.06.28"]
[EventType "swiss"]
[EventRounds "8"]
[EventCountry "PER"]
[SourceTitle "EXT 2024"]
[Source "ChessBase"]
[SourceDate "2023.10.10"]
[SourceVersion "1"]
[SourceVersionDate "2023.10.10"]
[SourceQuality "1"]

1. d4 d5 2. e3 a6 3. Nc3 e6 4. a4 Nf6 5. Nf3 Bb4 6. Bd2 Nc6 7. Ne5 Nxe5 8. dxe5 Bxc3 9. bxc3 Ne4 10. Qe2 c5 11. c4 dxc4 12. Rd1 Qc7 13. Qxc4 Qxe5 14. f4 Qd5 15. Qxd5 exd5 16. Ba5 Be6 17. Bd3 0-0 18. Bxe4 dxe4 19. 0-0 b5 20. f5 Bc4 21. Rf4 bxa4 22. Rxe4 Bb5 23. Bc3 Rad8 24. Re1 Rd7 25. h4 Rfd8 26. h5 a3 27. h6 g6 28. fxg6 fxg6 29. Bf6 Rd1 30. Rxd1 Rxd1+ 31. Kh2 a2 32. Re7 Rd7 33. Re8+ Kf7 34. Rd8 Rxd8 35. Bxd8 a1Q 36. Bh4 Qe5+ 37. Bg3 Qxe3 38. c4 Qxh6+ 39. Kg1 Bxc4 40. Bf2 Qg5 41. Kh2 Bf1 42. g3 Qh5+ 43. Kg1 Qh3 44. Bxc5 Qg2# 0-1

[Event "Piura op"]
[Site "Piura"]
[Date "2013.??.??"]
[Round "8"]
[White "Romero, Sebastian Peru"]
[Black "Flores Alzamora, Johano"]
[Result "0-1"]
[WhiteElo "1508"]
[BlackElo "1651"]
[PlyCount "198"]
[EventDate "2013.08.12"]
[EventType "swiss"]
[EventRounds "8"]
[EventCountry "PER"]
[SourceTitle "CBM 155 Extra"]
[Source "ChessBase"]
[SourceDate "2013.08.26"]
[SourceVersion "1"]
[SourceVersionDate "2013.08.26"]
[SourceQuality "1"]

1. d4 Nf6 2. Nf3 g6 3. Bf4 Bg7 4. c4 0-0 5. Nc3 d6 6. e3 Re8 7. Be2 Nbd7 8. 0-0 b6 9. Qc2 Bb7 10. Rad1 c5 11. d5 Nh5 12. Bg3 Nxg3 13. fxg3 Nf6 14. e4 Qc7 15. Rfe1 Rad8 16. Bf1 e5 17. Ng5 h6 18. Nh3 Bc8 19. Nf2 a6 20. h3 Nh5 21. Nh1 Kh7 22. Be2 Nf6 23. Rf1 Ng8 24. Bd3 Rf8 25. Rf3 Ne7 26. g4 g5 27. Rdf1 Ng6 28. g3 f6 29. Nd1 Qe7 30. Ne3 Rf7 31. Nf2 Rdf8 32. Nfd1 Qd8 33. a3 Qc7 34. R3f2 a5 35. Nc3 Ba6 36. b3 Ne7 37. Rb1 Rb8 38. Rff1 Rff8 39. Qf2 Qd7 40. Kh2 Kh8 41. Qg2 Kg8 42. Rf3 Rf7 43. Qf1 Kh8 44. Rb2 Kh7 45. Rbf2 Rbf8 46. Na4 Qc7 47. Nf5 Nxf5 48. Rxf5 Bc8 49. R5f3 Bd7 50. Nc3 Kg8 51. a4 Qc8 52. Nd1 Qe8 53. Bc2 Qc8 54. Ne3 Qc7 55. Bd1 Kh8 56. Qd3 Qc8 57. Qf1 Qc7 58. Rb2 Bc8 59. Qg2 Bd7 60. Rf1 Re7 61. Rbf2 Qc8 62. Nf5 Bxf5 63. gxf5 Qe8 64. Qf3 Kg8 65. Qh5 Qxh5 66. Bxh5 Ra8 67. Kg2 Kf8 68. Kf3 Rc7 69. Kg4 Ke7 70. Rh2 Rcc8 71. Rfh1 Kd8 72. Bg6 Ke7 73. h4 Rh8 74. Kh5 Rab8 75. Rg2 Ra8 76. Rhg1 Rab8 77. Kg4 Ra8 78. Kh5 Rab8 79. Kg4 Ra8 80. Bh5 Rab8 81. Kh3 Ra8 82. Kg4 Rab8 83. Kf3 Ra8 84. Rh2 Rab8 85. Bg6 Ra8 86. hxg5 hxg5 87. Rgh1 Rxh2 88. Rxh2 Rh8 89. Rxh8 Bxh8 90. Kg4 Bg7 91. Kh5 Kf8 92. Bh7 Kf7 93. Bg6+ Kf8 94. g4 Ke7 95. Bh7 Kf7 96. Bg6+ Kf8 97. Be8 Kxe8 98. Kg6 Kf8 99. Kh7 Kf7 0-1